Quizzes
Events
Quiz Creation
Community
Videos
Private Events
Remove Ads
Sign In
Join for FREE
Feedback
Dark Mode
Quiz Categories
Sports
Geography
Music
Movies
Television
Just For Fun
Miscellaneous
History
Literature
Language
Science
Gaming
Entertainment
Religion
Holiday
For Kids
Quiz Lab
Recent
Popular Today
Quiz Kudos Today
Editor Picks
Curator Picks
Quizzes by...
Day
Popularity
Type
Ratings
Length
Year
Community
Subscriptions
Recent Discussions
Orange Saloon
Badges
Playlists
Quests
Create
Leaderboards
Showdown
Live 5
Trivia Bingo
Activity
Puzzle Library
Sporcle Events
Private Events
Virtual Trivia
Globe League
Become a Host
Pub Owners
SporcleCon
Opinionation
Our Games
Videos
Blog
Mobile Apps
Partnerships
Remove Ads and Go Orange
Feedback
Sports
Athletes
MLB
NBA
NHL
NFL
Soccer
Sports Teams
WWE
NCAA
Football
Premier League
Basketball
Baseball
Hockey
Golf
Tennis
Cricket
Rugby
Auto Racing
Olympics
World Cup
Sports
Athletes
MLB
NBA
NHL
NFL
Soccer
Sports Teams
WWE
NCAA
Football
Premier League
Basketball
Baseball
Hockey
Golf
Tennis
Cricket
Rugby
Auto Racing
Olympics
World Cup
Random Quiz
Search Sporcle
×
Quiz Lab
Quiz Lab
Sports
Biography
Type in answers that appear in a list
Type in answers that appear in a list
Classic
Best Score? Go Orange.
All About Jackie Robinson Stats
Can you name the answers to the biographical questions about Dodgers baseball star Jackie Robinson?
By
nrmnbates
10m
26 Questions
190 Plays
190 Plays
190 Plays
Comments
Comments
Give Quiz Kudos
Give Quiz Kudos
-
- Ratings
hide this ad
Replay
Link that replays current quiz
Next Quiz
Link to next quiz in quiz playlist
You Got
0%
They Got
Avg Score
54%
Avg Friend Score
Upgrade to see
Score Distribution
Jump to the score distribution portion of the page
Score
0/26
Timer
10:00
0
Plays Today
Question
Answer
% Correct
Sport he lettered in there
Baseball
85.8%
Sport he lettered in there
Football
85.3%
Sport he lettered in there
Basketball
82.1%
Sport he lettered in there
Track and Field
80%
Dodgers president who signed him to integrate white baseball
Branch Rickey
76.3%
Four-
year college he attended
UCLA
74.2%
Position he moved to the following year
Second base
73.7%
Born in this year
1919
71.1%
After the war, he played for this Negro Leagues team
Kansas City Monarchs
63.2%
Triple-
A team he played for before his callup to the majors
Montreal Royals
63.2%
Position Robinson played as a rookie
First base
63.2%
Jackie's wife's name
Rachel Isum
62.1%
Died in this year
1972
60%
Question
Answer
% Correct
His middle name honored this president
Teddy Roosevelt
58.9%
Year he was voted National League MVP
1949
58.9%
Was traded to this team after the 1956 season but refused to report
New York Giants
54.7%
Made his MLB debut on this date (day and year)
April 15, 1947
41.6%
Grew up in this town
Pasadena, California
38.4%
Born in this town
Cairo, Georgia
35.8%
Stole home in the 1955 World Series against this pitcher/
catcher combination
Whitey Ford and Yogi Berra
34.7%
During World War II he refused to move to the back of an Army bus, resulting in...
A court -martial (acquitted)
33.7%
Name of older brother who was silver medalist in 200 meters at 1936 Olympics
Mack Robinson
28.4%
Junior college he attended
Pasadena Junior College
26.8%
Instead, he retired from baseball to work as vice president of this company
Chock Full o' Nuts
26.3%
He became the first African-
American in MLB since _
_
_
_
in 1884
Fleet Walker
20%
Name of the scout who scouted him
Clyde Sukeforth
18.9%
Quiz Playlist
Details
Report
Send in Message
Add To Playlist
Classic:
Type in answers that appear in a list
Quiz Source
Last Updated: Feb 16, 2017
Quiz Scoreboard
CHALLENGE
Sign Up to Join the Scoreboard
Show All
Scores
Hide
Comments
May contain spoilers
Recently Published
Billboard Blitz: Fleetwood Mac
by CooCooCachoo
Music
15s
Presidents Visiting Landmarks
by Hejman
History
7m
An Introduction to Baseball
by treessimontrees
Sports
5m
More to Explore
Quiz From the Vault
Featured Blog Post
Where Did the Easter Bunny Come From?
hide this ad
You Might Also Like...
Tags
Baseball Quiz
Biography Quiz
MLB Quiz
African American
Brooklyn
Historical Figures
integration
jackie
Los Angeles Dodgers
Minority
robinson
Today's Top Quizzes in Sports
Browse Sports
hide this ad
Today's Top Quizzes in Biography
Browse Biography
Top Contributed Quizzes in Sports
1
Les meilleurs buteurs des matchs entre le PSG et l’OM
2
2022 World Cup Stars
3
FIFA Club World Cup Champions
4
Les entraîneurs de l'OM et du PSG au 21e siècle
5
Criteria MLB: Left Handed Sluggers
6
Name the Premier League winners with different clubs
7
5-to-1: UK Sports Teams
8
AFC Teams Reveal (Wrong Answers Minefield)
9
Players with Multiple 50 Home Run Seasons
10
5-to-1: FBS Animal Nicknames
Explore More
Trending Topics
Marvel
Crossword
Disney
Harry Potter
Kpop
NBA
Anime
Soccer
Country
NFL
Puzzle
Song
Pokémon
The Office
WWE
hide this ad
More By:
nrmnbates
Quiz
Plays
Rating
Category
Featured
Created
Longest US Rivers
3,339
4.08
Geography
Oct 5, 2009
Greatest College Basketball Programs
2,928
4.00
Sports
Feb 23, 2010
Oldest MLB Players
2,319
3.94
Sports
Oct 25, 2009
Springsteen Road Songs
931
4.50
Music
Dec 28, 2009
Common Basketball Numbers
648
2.67
Sports
Feb 19, 2010
Go to Creator's Profile
Score Distribution
Quiz Creator Spotlight
nrmnbates
Follow
Send a Message
Quizzes Created
-
Created Quiz Play Count
-
More By This Creator
Popular Quizzes Today
1
Find the US States - No Outlines Minefield
2
Find the Countries of Europe - No Outlines Minefield
3
The Countries of the World
4
Find the US States
5
US States
6
Risky Map Clicking: Biggest States A-Z
7
Popular People in 1961
8
Movies - When Are They Set?
More Sports Quizzes
First XI: Bernardo Silva
Quiz Lab
Trending Quizzes
Risky Map Clicking: Least Populous States A-Z
1-10 Letter G Words
1-10 Letter F Words
Risky Map Clicking: Next State Alphabetically
Risky Map Clicking: Biggest States A-Z
Recently Updated
Leaping Animals
pecheneg
Reality TV Shows (A-Z)
bhenderson79
Rickey Henderson's Hall of Fame Teammates
pecheneg
Champions League XIs: Arsenal
pecheneg
Quick Pick: Celebrities in WWE's Hall of Fame
aduchscher
A-Z Keypad Blitz II
pecheneg
Multiple Oscar Actors
pecheneg
Mystery Phrase Blitz: Oscar 'Best Actors'
pecheneg
F. Scott Fitzgerald Novels
LTH
Pick 3 Villains
ddd62291
Trending Topics
Kpop
NBA
Disney
Crossword
Harry Potter
Anime
Marvel
Puzzle
Soccer
Country
NFL
The Office
Pokémon
Song
WWE
Your Account Isn't Verified!
In order to create a playlist on Sporcle, you need to verify the email address you used during registration. Go to your
Sporcle Settings
to finish the process.
Report this User
Report this user for behavior that violates our
Community Guidelines
.
Details:
Send Report
Go to the Sporcle.com Mobile Site →
Comments